[Event "Pereira Fiestas de la Cosecha op"]
[Site "Pereira"]
[Date "2023.08.27"]
[Round "6"]
[White "Cardozo, Stid Jafhar"]
[Black "Mata Zambrano, Luis Enrique"]
[Result "1/2-1/2"]
[WhiteElo "1926"]
[BlackElo "1671"]
[PlyCount "66"]
[EventDate "2023.08.24"]
[EventType "swiss"]
[EventRounds "7"]
[EventCountry "COL"]
[SourceTitle "EXT 2024"]
[Source "ChessBase"]
[SourceDate "2023.10.10"]
[SourceVersion "1"]
[SourceVersionDate "2023.10.10"]
[SourceQuality "1"]

1. e4 e5 2. Nf3 Nc6 3. Bc4 Bc5 4. 0-0 Nf6 5. d4 Bxd4 6. Nxd4 Nxd4 7. Bg5 Ne6 8. Bxe6 fxe6 9. f4 Qe7 10. Rf2 Qc5 11. Nc3 exf4 12. Bxf4 0-0 13. Qe2 d6 14. Raf1 Bd7 15. e5 Nd5 16. Nxd5 exd5 17. Be3 d4 18. Rxf8+ Rxf8 19. Rxf8+ Kxf8 20. Qf2+ Kg8 21. Bxd4 Qd5 22. exd6 Qxd6 23. h3 h6 24. Qe3 b6 25. Be5 Qd1+ 26. Kh2 Bf5 27. Qb3+ Kh7 28. Qf7 Qd7 29. Qf8 Bxc2 30. h4 Bg6 31. b4 Qf7 32. Qxf7 Bxf7 33. Bxc7 Bxa2 1/2-1/2